Statistics for Name a Valid NFL Team

Click here to take the quiz!

General Stats

  • This quiz has been taken 342 times
  • The average score is 14 of 20

Answer Stats

HintAnswer% Correct
with a winless season in its historyBrowns | Lions | Colts | …
95%
that plays in the Mountain Time ZoneBroncos | Cardinals
89%
with an active Super Bowl drought of more than 50 yearsCardinals | Lions | Titans | …
87%
that ESPN predicted would win its division in 2019Patriots | Steelers | Colts | …
87%
that is named after a type of catBengals | Jaguars | Lions | Panthers
84%
with a player in the 2,000-yard rushing clubRams | Vikings | Ravens | …
84%
with exactly two Super Bowl championshipsChiefs | Ravens | Colts | Dolphins
83%
with multiple playoff wins against the PatriotsBroncos | Titans | Ravens | Giants
82%
that has not won a playoff game more recently than the BrownsBengals | Lions | Bills
80%
that plays in a stadium whose title sponsor is Mercedes-BenzFalcons | Saints
80%
without an MVP season in its historyJets | Texans | Jaguars | …
79%
that a coach with 250 or more total wins spent the most years coachingDolphins | Bears | Patriots | Cowboys
75%
that has retired the number 12Seahawks | Bills | Dolphins | …
67%
that has never shared a stadium with an MLB teamRavens | Panthers | Cowboys | …
66%
that has played in a city where the Cardinals have also playedBears | Rams
63%
that has never appeared in its conference championshipTexans
63%
with a player who passed to himself for a touchdown (incl. playoffs)49ers | Vikings | Titans
57%
that has won a division with a losing recordSeahawks | Panthers
46%
to win the Super Bowl without playing on Monday Night Football since 197049ers | Redskins | Rams | Ravens
36%
with a starting wide receiver in the 1970 Pro Bowl named Gene WashingtonVikings | 49ers
24%

Score Distribution

Percentile by Number Answered

Percent of People with Each Score

Your Score History

You have not taken this quiz